000 00527nam a2200193 i 4500
001 128556
003 ES-MaACL
005 20250721193129.0
007 t|
008 070518s1905 it ||||1| ita d
080 _a616.82
100 1 _aTanzi, Eugenio.
_9109217
245 1 0 _aTrattato delle malattie mentali /
_cEugenio Tanzi.
260 _aMilán :
_b[A. Berni],
_c1905.
300 _aXVI, 764 p. ;
_c24 cm.
650 7 _aEnfermedades mentales
_2embne
_912263
852 _aES-MaACL
_jB-12108
999 _c128556
_d128556